ბათუმის შოთა რუსთაველის სახელმწიფო უნივერსიტეტის ბიბლიოთეკა

Constitutional court of Georgia : (ბიბ.ჩანაწერი № 57358)

000 -LEADER
fixed length control field 00565nam a22001697a 4500
005 - DATE AND TIME OF LATEST TRANSACTION
control field 20200601151822.0
008 - FIXED-LENGTH DATA ELEMENTS--GENERAL INFORMATION
fixed length control field 200601s2018 ge ||||| |||| 00| 0 geo d
022 ## - INTERNATIONAL STANDARD SERIAL NUMBER
International Standard Serial Number 25875329
041 ## - LANGUAGE CODE
Language code of text/sound track or separate title geo
245 ## - TITLE STATEMENT
Title Constitutional court of Georgia :
Remainder of title Journal of constitutional law № 2 2018 /
Statement of responsibility, etc. Ed. Zaza Tavadze.
260 ## - PUBLICATION, DISTRIBUTION, ETC.
Place of publication, distribution, etc. Batumi,
Date of publication, distribution, etc. 2018
300 ## - PHYSICAL DESCRIPTION
Extent V.
653 ## - INDEX TERM--UNCONTROLLED
Uncontrolled term საკონსტიტუციო სასამართლო
653 ## - INDEX TERM--UNCONTROLLED
Uncontrolled term სამართალი
700 ## - ADDED ENTRY--PERSONAL NAME
Personal name Tavadze, Zaza
Relator term რედაქტორი
9 (RLIN) 8274
942 ## - ADDED ENTRY ELEMENTS (KOHA)
Source of classification or shelving scheme
Koha item type პერიოდიკა
ეგზემპლარები
Withdrawn status Lost status Source of classification or shelving scheme Damaged status Not for loan Permanent Location Current Location Shelving location Date acquired Serial Enumeration / chronology Barcode Date last seen Copy number Price effective from Koha item type
        შიდა ფონდი ბათუმის შოთა რუსთაველის სახელმწიფო უნივერსიტეტის მთავარი ბიბლიოთეკა ბათუმის შოთა რუსთაველის სახელმწიფო უნივერსიტეტის მთავარი ბიბლიოთეკა წიგნსაცავი 2020-06-01 № 2 2018 80617 2020-06-01 80617 2020-06-01 პერიოდიკა